000 00306 a2200133 4500
000 nam a22 7a 4500
100 _a Surendra, Kataria
110 _a Surendra, Kataria
245 _aTulnatmak Lok Prasasn
250 _alatest edition
260 _bRBSA
_c2024
264 _bRBSA
_c2024
942 _cBK
999 _c394437
_d394437